=LDR 00000nam 2200000 4500 =001 INLIS000000000015476 =005 20130612110744 =008 ***********************************Indo** =035 ##$$0010-061300000015476 =041 ##$$a Indo =082 ##$$a R.301.03 =090 ##$$a R.301.03, Suy =100 ##$$a Suyono Ariyono =245 ##$$a Kamus Antropologi, Drs.Ariyono Suyono,Aminudin Sirigar =260 ##$$a 1985 $b Jakarta =300 ##$$a vi 454 hlm, 21 cm =650 ##$$a Antropologi-Kamus =850 ##$$a NBPNMAT